<?xml version="1.0" encoding="UTF-8"?>
<marc:record xmlns:marc="http://www.loc.gov/MARC21/slim">
   <marc:leader>00000nam a2200000 a 4500</marc:leader>
   <marc:datafield ind1="1" ind2=" " tag="100">
      <marc:subfield code="a">Shields, Amy,</marc:subfield>
      <marc:subfield code="4">aut</marc:subfield>
      <marc:subfield code="e">Verfasser/-in</marc:subfield>
   </marc:datafield>
   <marc:datafield ind1=" " ind2=" " tag="653">
      <marc:subfield code="a">7</marc:subfield>
   </marc:datafield>
   <marc:datafield ind1="0" ind2="0" tag="245">
      <marc:subfield code="a">First big book of why</marc:subfield>
   </marc:datafield>
   <marc:datafield ind1="0" ind2="0" tag="245">
      <marc:subfield code="c">Shields, Amy,</marc:subfield>
   </marc:datafield>
   <marc:datafield ind1=" " ind2="1" tag="264">
      <marc:subfield code="a">Washington, D.C. :</marc:subfield>
      <marc:subfield code="b">National Geographic,</marc:subfield>
   </marc:datafield>
   <marc:datafield ind1="1" ind2=" " tag="490">
      <marc:subfield code="a">National Geographic little kids</marc:subfield>
   </marc:datafield>
   <marc:datafield ind1="1" ind2=" " tag="520">
      <marc:subfield code="a">Linking to a popular feature in the super successful National Geographic Little Kids magazine, this book brings the browsable fun of the bestselling&#xD;
National Geographic Kids Almanac to a new audience: preschoolers! Using an interactive question-and-answer format and content grounded in a child's immediate world, the&#xD;
Big Book of Why delivers lively information, hands-on games, simple recipes, crafts, and more. What makes a car go? How does mushy dough become a crispy cookie? What does the doctor see in my throat? An essential parent reference, The&#xD;
Big Book of Why invites children to ask big questions, think big thoughts, and get answers that are accurate, engaging, level-appropriate, and based on sound educational findings. It helps prepare preschoolers for school in an interactive way—the very best way to foster learning at this age, according to research. Highly photographic and playful, this big book is an adventure in exploration.</marc:subfield>
   </marc:datafield>
   <marc:datafield ind1=" " ind2=" " tag="020">
      <marc:subfield code="a">9781426307935</marc:subfield>
      <marc:subfield code="9">9781426307935</marc:subfield>
   </marc:datafield>
   <marc:datafield ind1=" " ind2=" " tag="300">
      <marc:subfield code="b">color illustrations. ;</marc:subfield>
   </marc:datafield>
   <marc:datafield ind1=" " ind2=" " tag="300">
      <marc:subfield code="a">126 pages :</marc:subfield>
   </marc:datafield>
</marc:record>
